Affrontez l'Alphabet #36 (spécial séries TV) - Statistiques

Statistiques générales
  • Ce quiz a été pris 64 fois
  • Le résultat moyen est 5 sur 11
Statistiques - réponses
Hint Réponse % Correct
Donne les 2 lettres manquantes dans le nom de la série TV en extrait : _REA_HER
PC
100%
Donne les 2 lettres manquantes dans le nom de la série TV en extrait : SONS O_ _NARCHY
FA
95%
Donne les 2 lettres manquantes dans le nom de la série TV en extrait : _ANNI_AL
HB
89%
Donne les 2 lettres manquantes dans le nom de la série TV en extrait : _O_NTON ABBEY
DW
82%
Donne les 2 lettres manquantes dans le nom de la série TV en extrait : CHANNEL _ER_
ZO
38%
Donne les 2 lettres manquantes dans le nom de la série TV en extrait : MISFI_ _
TS
36%
Donne les 2 lettres manquantes dans le nom de la série TV en extrait :
DA_ _
RK
29%
Donne les 2 lettres manquantes dans le nom de la série TV en extrait : _EK_LL
JY
22%
Donne les 2 lettres manquantes dans le nom de la série TV en extrait : _AD ME_
MN
22%
Donne les 2 lettres manquantes dans le nom de la série TV en extrait : _TOP_A
UI
16%
Dernière Question : Donne la lettre manquante dans le nom de la série TV en extrait : _O, KITTY
X
15%
Aucun quiz correspondant
Distribution des résultats
% des personnes avec chaque résultat
Percentile par nombre de réponses
Votre historique - résultats
Vous n’avez pas pris ce quiz